SHAKTI KE 48 NIYAM (Record no. 28048)

MARC details
000 -LEADER
fixed length control field 00343nam a2200133Ia 4500
008 - FIXED-LENGTH DATA ELEMENTS--GENERAL INFORMATION
fixed length control field 240624s9999 xx 000 0 und d
041 ## - LANGUAGE CODE
Language code of text/sound track or separate title eng
082 ## - DEWEY DECIMAL CLASSIFICATION NUMBER
Classification number 891.43 GRE
100 ## - MAIN ENTRY--PERSONAL NAME
Personal name GREEN ROBERT
245 ## - TITLE STATEMENT
Title SHAKTI KE 48 NIYAM
260 ## - PUBLICATION, DISTRIBUTION, ETC.
Date of publication, distribution, etc. 2013
Place of publication, distribution, etc. New Delhi
Name of publisher, distributor, etc. Indiana Publishing House
300 ## - PHYSICAL DESCRIPTION
Extent xii, : 258 : p. : cm. ; 21
365 ## - TRADE PRICE
Currency code RS
Price amount 25
Holdings
Withdrawn status Lost status Damaged status Not for loan Home library Current library Shelving location Date acquired Source of acquisition Cost, normal purchase price Total Checkouts Full call number Barcode Date last seen Date last checked out Copy number Price effective from Koha item type
        IMTN IMTN Rack 43-A 10/21/2016 VBC 195.00 1 891.43 GRE 28048 01/15/2026 01/05/2026 1 06/24/2024 Books
Designed & Maintained by: LRC IMT Nagpur Contact: lrc@imtnag.ac.in© 2024. All Rights Reserved.